"Camminiamo anche noi in novità di vita" (Record n. 98481)

Dettagli MARC
000 -LEADER
fixed length control field 00821nam a22001817a 4500
003 - CONTROL NUMBER IDENTIFIER
control field IT-RoPau
005 - DATE AND TIME OF LATEST TRANSACTION
control field 20220918181105.0
008 - FIXED-LENGTH DATA ELEMENTS--GENERAL INFORMATION
fixed length control field 130506b xxu||||| |||| 00| 0 eng d
040 ## - CATALOGING SOURCE
Transcribing agency IT-RoPau
100 ## - MAIN ENTRY--PERSONAL NAME
Personal name Centro di spiritualità paolina
9 (RLIN) 518
245 ## - TITLE STATEMENT
Title "Camminiamo anche noi in novità di vita"
Remainder of title (Rom. VI, 4)
250 ## - EDITION STATEMENT
Edition statement 1° ed
260 ## - PUBLICATION, DISTRIBUTION, ETC. (IMPRINT)
Place of publication, distribution, etc. Ariccia (Roma)
Name of publisher, distributor, etc. Centro di spiritualità paolina Casa Divin Maestro
Date of publication, distribution, etc. 1975
300 ## - PHYSICAL DESCRIPTION
Extent 43 pp.
Dimensions 28 cm
490 ## - SERIES STATEMENT
Series statement "Camminiamo anche noi in novità di vita" .
Volume/sequential designation n° 19 - Ottobre 1975
520 ## - SUMMARY, ETC.
Summary, etc. Sommario<br/><br/>I. Leggiamo san Paolo, n° 7<br/>II. Lo Spirito Santo nella spiritualità di Don Alberione (2)<br/>III. Testimonianze sullo "spirito paolino". Ricordi e riflessioni di don Paolo B. Marcellino (prima puntata).<br/>IV. Dialogo nella Famiglia Paolina.
942 ## - ADDED ENTRY ELEMENTS (KOHA)
Source of classification or shelving scheme Dewey Decimal Classification
Koha item type RIVISTA
Dati di copia
Withdrawn status Lost status Source of classification or shelving scheme Damaged status Not for loan Home library Current library Date acquired Total Checkouts Full call number Barcode Date last seen Price effective from Koha item type
    Dewey Decimal Classification Buone Condizioni Not For Loan PAULUS-BIBLIOTECA PAULUS-BIBLIOTECA 06/05/2013   P C6 SpFp 18a 06/05/2013 06/05/2013 RIVISTA
CREDITS: SOCIETA' SAN PAOLO Via A.Severo, 58 - ROMA (RM) & PERIODICI SAN PAOLO SRL Via Giotto, 36 MILANO & CISF Via Giotto, 36 MILANO & EDIZIONI SAN PAOLO SRL,  Piazza Soncino, 5 CINISELLO BALSAMO (MI) -- ITALY